Zavádzanie systému environmentálneho riadenia v podniku podľa noriem ISO 14 000 diplomová práca

Enregistré dans:
Détails bibliographiques
Auteur principal: Brveníková, Martina
Collectivité auteur: Fakulta podnikového manažmentu EU. Katedra manažmentu výroby a logistiky - zrušená
Autres auteurs: Vybíralová, Júlia
Format: Livre
Langue:slovaque
Publié: Bratislava 2011
Tags: Ajouter un tag
Pas de tags, Soyez le premier à ajouter un tag!

MARC

LEADER 00000nbm a2200000 4500
001 0131512
005 20161109101710.5
041 0 |a slo 
044 |a SK 
245 1 0 |a Zavádzanie systému environmentálneho riadenia v podniku podľa noriem ISO 14 000  |b diplomová práca  |c Martina Brveníková ; školiteľ: Júlia Vybíralová 
264 1 |a Bratislava  |c 2011 
300 |a 77 s. 
100 1 |a Brveníková, Martina 
700 1 |a Vybíralová, Júlia 
710 2 |a Fakulta podnikového manažmentu EU. Katedra manažmentu výroby a logistiky - zrušená